000 00977nam a2200265 a 4500
001 BRCA_6713
005 20190320205549.0
008 190412s1892----enka######---#000-0#eng-#
041 _aeng
044 _aenk
050 4 _aSK37
_b.W35 1
_c1892
245 1 0 _aShooting
_bfield and covert
_cby Lord Walsingham and Sir Ralph Payne-Gallwey ; with numerous illustrations by A F. Stuart-Wortley, Harper Pennington, C. Whymper, F. G. Millais and G. E. Lodge
250 _a4
260 _aLondres
_bLongmans, Green & Co.
_c1892
300 _axv, 357 p.
_bil.
_c20 cm.
440 0 _aBadminton library of sport and pastimes
_916772
500 _aIncluye lista de ilustraciones e índice alfabético
500 _aEstado físico: la cubierta anterior se esta desprendiendo
500 _aVer también: I96 v.2
500 _aI94
650 1 4 _aTiro
_916773
700 1 _aPayne-Gallwey, Sir Ralph William Frankland, bart
_f1848-1916
_eCoautor
_916774
902 _aGFM
942 _2lcc
_cB
999 _c6396
_d6396